Stankonia - Outkast - Statistics

General Stats
  • This quiz has been taken 9 times
  • The average score is 16 of 24
Answer Stats
Songs Plays Artists % Correct
B.O.B. - Bombs Over Baghdad 117,553,524 OutKast
100%
Gasoline Dreams 12,736,373 OutKast, Khujo Goodie
100%
Ms. Jackson 1,401,452,199 OutKast
100%
So Fresh, So Clean 373,033,760 OutKast
88%
Spaghetti Junction 9,338,625 OutKast
88%
I'm Cool (interlude) 3,888,144 OutKast
75%
Intro 3,678,535 OutKast
75%
Snappin' & Trappin' 6,517,574 OutKast, Killer Mike, J-Sweet
75%
Stankonia (Stanklove) 3,233,311 OutKast, Big Rube, Sleepy Brow
75%
Xplosion 6,210,595 OutKast, B-Real
75%
D.F. (interlude) 14,744 OutKast
63%
Gangsta Shit 5,309,167 OutKast, Slimm Calhoun, C-Bone, TMO
63%
Humble Mumble 11,171,221 OutKast, Erykah Badu
63%
Kim & Cookie (interlude) 3,419,487 OutKast
63%
Toilet Tisha 3,112,304 OutKast
63%
? 3,592,589 OutKast
50%
Cruisin' in the ATL (interlude) 7,595 OutKast, Southside
50%
Good Hair (interlude) 2,640 OutKast
50%
Red Velvet 4,898,137 OutKast
50%
Slum Beautiful 3,557,088 OutKast, See-Lo
50%
We Luv Deez Hoez 8,689,359 OutKast, Backbone, Big Gipp
50%
Drinkin' Again (interlude) 7,495 OutKast
38%
I'll Call Before I Cum 5,412,893 OutKast, Gangsta Boo, Eco
38%
Pre-Nump (interlude) 7,336 OutKast
38%
No matching quizzes found
Score Distribution
Percent of People with Each Score
Percentile by Number Answered
Your Score History
You have not taken this quiz